Sistematización del pensamiento de Balmes en orden a la filosofía de la historia (Record no. 62354)

MARC details
000 -LEADER
campo de control de longitud fija 00964nam a2200241 i 4500
001 - NÚMERO DE CONTROL
campo de control 62354
003 - IDENTIFICADOR DE NÚMERO DE CONTROL
campo de control ES-MaACL
005 - FECHA Y HORA DE LA ÚLTIMA TRANSACCIÓN
campo de control 20251118191528.0
007 - CAMPO FIJO DE DESCRIPCIÓN FÍSICA--INFORMACIÓN GENERAL
campo de control de longitud fija t|
008 - DATOS DE LONGITUD FIJA--INFORMACIÓN GENERAL
campo de control de longitud fija 031120s1952 sp ||||1| spa d
100 1# - ENTRADA PRINCIPAL--NOMBRE DE PERSONA
Nombre de persona Feliu Egidio, Vicente.
9 (RLIN) 49200
245 10 - MENCIÓN DEL TÍTULO
Título Sistematización del pensamiento de Balmes en orden a la filosofía de la historia
Resto del título : memoria /
Mención de responsabilidad, etc. escrita por Vicente Feliu Egidio.
260 ## - PUBLICACIÓN, DISTRIBUCIÓN, ETC.
Lugar de publicación, distribución, etc. Madrid :
Nombre del editor, distribuidor, etc. [s.n.],
Fecha de publicación, distribución, etc. 1952 (
Fabricante Imp. Juan Bravo)
300 ## - DESCRIPCIÓN FÍSICA
Extensión 314 p. ;
Dimensiones 23 cm.
510 ## - NOTA DE CITAS O REFERENCIAS BIBLIOGRÁFICAS
Nombre de la fuente CCPB,
Localización dentro de la fuente 001052165-8
600 14 - PUNTO DE ACCESO ADICIONAL DE MATERIA--NOMBRE DE PERSONA
Nombre de persona Balmes, Jaime,
Fechas asociadas al nombre 1810-1848
9 (RLIN) 25096
650 #7 - PUNTO DE ACCESO ADICIONAL DE MATERIA--TÉRMINO DE MATERIA
9 (RLIN) 158248
Término de materia o nombre geográfico como elemento de entrada Filosofía-
Subdivisión de forma Historia
852 ## - LOCALIZACIÓN
Ubicación ES-MaACL
Número de control de estantería D-6542
Sublocalización o colección R.31612
-- R.M.6133
itemnumber 64716
Ubicación en estantería Sala Valle Inclán
Marcas de propiedad Sello en tinta azul de la Biblioteca del Ateneo de Madrid
Partes que faltan Cubierta
942 ## - ELEMENTOS DE ENTRADA SECUNDARIOS (KOHA)
Fuente del sistema de clasificación o colocación Clasificación decimal universal
Tipo de ítem Koha Libro impreso
Holdings
Estatus retirado Estado de pérdida Estado de daño No para préstamo Biblioteca de origen Biblioteca actual Ubicación en estantería Fecha de adquisición Fuente de adquisición Total de préstamos Signatura topográfica completa Código de barras Visto por última vez Precio de reemplazo Tipo de ítem Koha
        Biblioteca del Ateneo de Madrid Biblioteca del Ateneo de Madrid Sala Valle Inclán 17/01/2008     D-6542 901065371 23/02/2023 23/02/2023 Libro impreso